ბათუმის შოთა რუსთაველის სახელმწიფო უნივერსიტეტის ბიბლიოთეკა

Four Practical Revolutions in Management: (ბიბ.ჩანაწერი № 64001)

000 -LEADER
fixed length control field 00718nam a22001817a 4500
005 - DATE AND TIME OF LATEST TRANSACTION
control field 20260306154017.0
008 - FIXED-LENGTH DATA ELEMENTS--GENERAL INFORMATION
fixed length control field 260306s2001 enk||||| |||| 00| 0 eng d
020 ## - INTERNATIONAL STANDARD BOOK NUMBER
International Standard Book Number 9781563273889x
041 ## - LANGUAGE CODE
Language code of text/sound track or separate title eng
080 ## - UNIVERSAL DECIMAL CLASSIFICATION NUMBER
Universal Decimal Classification number 005.6:658:338.24 Sh-32
100 ## - MAIN ENTRY--PERSONAL NAME
Personal name Shiba, Shoji
9 (RLIN) 27071
245 ## - TITLE STATEMENT
Title Four Practical Revolutions in Management:
Remainder of title Systems for Creating Unique Organizational Capability /
Statement of responsibility, etc. Shoji Shiba, David Walden.
264 ## - PRODUCTION, PUBLICATION, DISTRIBUTION, MANUFACTURE, AND COPYRIGHT NOTICE
Place of production, publication, distribution, manufacture Cambridge :
Name of producer, publisher, distributor, manufacturer Productivity Press,
Date of production, publication, distribution, manufacture, or copyright notice 2001.
300 ## - PHYSICAL DESCRIPTION
Extent 758 p.:
Other physical details ill.;
Dimensions 23 cm.
653 ## - INDEX TERM--UNCONTROLLED
keyword მენეჯმენტის ოთხი პრაქტიკული რევოლუცია
700 ## - ADDED ENTRY--PERSONAL NAME
Personal name Walden, David
Relator term ავტორი
9 (RLIN) 27072
942 ## - ADDED ENTRY ELEMENTS (KOHA)
Source of classification or shelving scheme
Koha item type წიგნი
ეგზემპლარები
Withdrawn status Lost status Source of classification or shelving scheme Damaged status Not for loan Permanent Location Current Location Shelving location Date acquired Cost, normal purchase price Full call number Barcode Date last seen Copy number Uniform Resource Identifier Price effective from Koha item type Public note
          ბათუმის შოთა რუსთაველის სახელმწიფო უნივერსიტეტის მთავარი ბიბლიოთეკა ბათუმის შოთა რუსთაველის სახელმწიფო უნივერსიტეტის მთავარი ბიბლიოთეკა წიგნსაცავი 2026-03-06 20.00 005.6:658:338.24 Sh-32 73882 2026-03-06 73882 იაპონიის ელჩის საჩუქარი 2026-03-06 წიგნი 20 ლ.